000
00257nam a2200097Ia 4500
001
714263
005
20250826162901.0
008
250824s9999 xx 000 0 und d
245
0
_a
KARANLIĞIN VARİSİ ABRAHAM
_c
RABİA KISAALİOĞLU
260
_b
HAYAT YAYINLARI
999
_c
714263
_d
714263